000 00460nam a2200193Ia 4500
008 210210b1926 xxu||||| |||| 00| 0 eng d
041 _aeng
082 _a541.9 OSTP
100 _aOSTWALD (Wolfgang)
245 _aPractical colloid chemistry
260 _aLondon
_bMethuen & Co. Ltd.
_c1926
300 _axvi,191
650 _aPractical
650 _acolloid
650 _achemistry
690 _aChemistry
700 _aWOLSKI (P)
906 _a009938
999 _c140567
_d140567